| 000 | 00781nam a2200241 u 4500 | ||
|---|---|---|---|
| 005 | 20240831063717.0 | ||
| 008 | 080723s2004 r 000 0 eng d | ||
| 020 | _a8495722739 | ||
| 035 | _aUPN01000157984 | ||
| 049 | _aI | ||
| 050 | 4 |
_aPZ76.3 _bL3.4 |
|
| 100 | 1 |
_aLanda, Mariasun, _d1949- _939023 |
|
| 245 | 1 | 3 |
_aEl patito y el sauce llorón / _cMariasun Landa ; dibs. de Armand. |
| 260 |
_aAlzira, Esp. : _bAlgar, _c2004. |
||
| 300 |
_a60 p. : _bil. col. |
||
| 440 | 0 |
_aCalcetín blanco. _pPrimeros lectores ; _v5 |
|
| 534 |
_pTítulo original: _tAhatetxoa eta sabats negartia |
||
| 650 | 4 |
_aCuentos infantiles españoles _97725 |
|
| 650 | 4 |
_aPATOS - _vLITERATURA INFANTIL _910192 |
|
| 650 | 7 |
_aAves _vCuentos y leyendas _2 _94118 |
|
| 905 | _aInfantil | ||
| 999 |
_c130098 _d130098 |
||